| 000 | 00739nam a2200217 a 4500 | ||
|---|---|---|---|
| 005 | 20251203064015.0 | ||
| 008 | 060605s2004 mx r 000 0 spa d | ||
| 020 | _a9707291311 | ||
| 035 | _aUPN01000145138 | ||
| 049 | _aCG | ||
| 050 | 4 |
_aHF5548.85 _bW5.5 |
|
| 100 | 1 | _aWilliams, Stephen | |
| 245 | 1 | 0 |
_aManejo del estrés en el trabajo : _bplan detallado para profesionales / _cStephen Williams, Lesley Cooper ; tr. Gloria Padilla Sierra. |
| 260 |
_aMéxico : _bEl Manual Moderno, _c2004. |
||
| 300 | _a122 p. | ||
| 534 |
_pTítulo original: _tManaging workplace stress : a best practice blueprint |
||
| 650 | 2 |
_aEstrés laboral _913133 |
|
| 650 | 2 |
_aManejo del estrés _97083 |
|
| 700 | 1 |
_aCooper, Lesley, _ecoaut. |
|
| 905 | _aLibro | ||
| 999 |
_c117285 _d117285 |
||